La comunicación empresarial y la gestión de los intangibles en España y Latinoamérica : (Record no. 179977)

MARC details
000 -CABECERA
campo de control de longitud fija 00705nam a2200217 a 4500
005 - FECHA Y HORA DE LA ÚLTIMA TRANSACCIÓN
campo de control 20221109063826.0
008 - ELEMENTOS DE LONGITUD FIJA--INFORMACIÓN GENERAL
campo de control de longitud fija 160205s2014 mx r 000 0 spa d
020 ## - NÚMERO INTERNACIONAL NORMALIZADO PARA LIBROS
Número Internacional Estándar del Libro 9788497848725
035 ## - NÚMERO DE CONTROL DEL SISTEMA
Número de control de sistema UPN01000207876
049 ## - COLECCIÓN
Colección CG
050 #4 - SIGNATURA TOPOGRÁFICA DE LA BIBLIOTECA DEL CONGRESO
Número de clasificación HF5718
Número de documento/Ítem C6.4
245 03 - MENCIÓN DE TÍTULO
Título La comunicación empresarial y la gestión de los intangibles en España y Latinoamérica :
Resto del título informe anual 2014 /
Mención de responsabilidad, etc. ed. Justo Villafañe.
260 ## - PUBLICACIÓN, DISTRIBUCIÓN, ETC.
Lugar de publicación, distribución, etc. Barcelona, Esp. :
Nombre del editor, distribuidor, etc. Gedisa,
Fecha de publicación, distribución, etc. 2014.
300 ## - DESCRIPCIÓN FÍSICA
Extensión 336 p. :
Otras características físicas il., gráfs., cuadros
650 #4 - ASIENTO SECUNDARIO DE MATERIA - TERMINO TEMATICO
Término de materia o nombre geográfico como elemento de entrada COMUNICACION EN LOS NEGOCIOS
9 (RLIN) 9562
650 #2 - ASIENTO SECUNDARIO DE MATERIA - TERMINO TEMATICO
Término de materia o nombre geográfico como elemento de entrada Publicidad
9 (RLIN) 5809
650 #2 - ASIENTO SECUNDARIO DE MATERIA - TERMINO TEMATICO
Término de materia o nombre geográfico como elemento de entrada Mercadotecnia
9 (RLIN) 5626
700 1# - ASIENTO SECUNDARIO--NOMBRE DE PERSONAL
Nombre de persona Villafañe, Justo,
Término indicativo de función/relación dir.
905 ## - TIPO DE MATERIAL
Tipo de material Libro
Holdings
Estado de retiro Estado de pérdida Fuente del sistema de clasificación o colocación Estado dañado No para préstamo Código de colección Localización permanente Ubicación/localización actual Ubicación en estantería Total de préstamos Clasificación Código de barras Fecha visto por última vez Número de copia Tipo de ítem Koha
    Library of Congress Classification     Colección General Bib. Gregorio Torres Quintero Bib. Gregorio Torres Quintero Planta baja   HF5718 C6.4 308364 31/12/2020 1 Libro
    Library of Congress Classification     Colección General Bib. Gregorio Torres Quintero Bib. Gregorio Torres Quintero Planta baja   HF5718 C6.4 308365 31/12/2020 1 Libro
    Library of Congress Classification     Colección General Bib. Gregorio Torres Quintero Bib. Gregorio Torres Quintero Planta baja   HF5718 C6.4 308366 31/12/2020 1 Libro